000 00555nam a22001577a 4500
020 _qHard Cover.
082 _a570.2-AHM
100 _aMaham Ahmad
245 _aCombined Structure and Ligand Guided Protocols to Target the Gain of Function Mutation of Gardos Channel in RED Cell Deformability /
_cAhmad, Maham
260 _aIslamabad:
_bRCMS-NUST,
_c2021.
300 _a90 p. :
_bill. ;
_c30cm.
650 _aMS-Bioinformatics.
_981486
700 _aDr. Ishrat Jabeen
_981481
942 _2ddc
_cTHE
999 _c586589
_d586589